000 00607nam a2200181 4500
001 1756
005 20181127163934.0
008 921202s19671963nyu b 00110 eng d
010 _a63017345
100 1 _aLipset, Seymour Martin.
245 1 4 _aThe first new Nation :
_bthe United States in historical and comparative perspective /
_cSeymour Martin Lipset.
260 0 _aNew York :
_bAnchor Books,
_c1967.
300 _a424 p.
504 _aIncludes bibliographical references.
650 0 _aComparative government.
650 0 _aNational characteristics, American.
651 0 _aUnited States
_xCivilization.
999 _c1331
_d1331